[Event "DRUZYNOWE MISTRZOSTWA POLSKI JUNIOROW - II LIGA"]
[Site "Szczyrk, CKiR Orle Gniazdo ul. Wrzosowa 28a"]
[Date "2014-07-26"]
[Round "3.1"]
[White "Ulanowski, Karol"]
[Black "Snihur, Piotr"]
[Result "1-0"]
[WhiteTitle "k"]
[BlackTitle "k"]
[WhiteElo "2124"]
[BlackElo "2147"]

1. e4 c5 2. Nf3 d6 3. d4 cxd4 4. Nxd4 Nf6 5. Nc3 a6 6. Bg5 Nbd7 7. Bc4 e6 8. O-O
Ne5 9. Bb3 Be7 10. f4 Nc6 11. Nxc6 bxc6 12. e5 Nd5 13. Ne4 dxe5 14. fxe5 O-O 15.
Bxe7 Qxe7 16. Qf3 Qa7+ 17. Kh1 Qd4 18. c4 Ne3 19. Rf2 Nf5 20. Qf4 Qa7 21. Bc2
Ne3 22. Nf6+ gxf6 23. exf6 Nf5 24. Bxf5 Kh8 25. Qh6 1-0

[Event "DRUZYNOWE MISTRZOSTWA POLSKI JUNIOROW - II LIGA"]
[Site "Szczyrk, CKiR Orle Gniazdo ul. Wrzosowa 28a"]
[Date "2014-07-26"]
[Round "3.3"]
[White "Belczewski, Jacek"]
[Black "Leskiewicz, Ignacy"]
[Result "0-1"]
[WhiteTitle "I"]
[BlackTitle "I"]
[WhiteElo "1753"]
[BlackElo "1683"]

1. e4 c5 2. b3 d6 3. Bb2 Nd7 4. g3 e6 5. Bg2 Ngf6 6. Ne2 Be7 7. O-O O-O 8. f4 Nb6
9. d3 d5 10. e5 Ng4 11. Bc1 h5 12. h3 Nh6 13. Nd2 d4 14. Ne4 Nd5 15. Bd2 Nf5 16.
Qc1 Nfe3 17. Rf3 Nxg2 18. Kxg2 b6 19. g4 h4 20. f5 f6 21. Qg1 fxe5 22. Raf1 Nf6
23. Nc1 Bb7 24. Re1 b5 25. Kh2 c4 26. Re2 Nxe4 27. dxe4 Bg5 28. Qe1 Rc8 29. Bxg5
Qxg5 30. Ref2 Rce8 31. a3 g6 32. Na2 Kh8 33. Rg2 Rf6 34. Qe2 Rg8 35. Rff2 Qe3
36. g5 Rff8 37. f6 Bxe4 38. Rg4 Qxe2 39. Rxe2 Bf3 40. Rxh4+ Bh5 41. Rxe5 d3 42.
Rxb5 d2 43. Nc3 cxb3 44. Rxb3 Rc8 45. Rd4 Rgd8 46. Rbb4 d1=Q 47. Nxd1 Bxd1 48.
Rxd8+ Rxd8 49. Rb7 Bxc2 50. Rxa7 Kg8 51. a4 Be4 52. a5 e5 53. Kg3 Ra8 54. Rc7
Rxa5 55. Rc8+ Kf7 56. Rc7+ Ke6 57. Re7+ Kd6 58. Rg7 Ra8 59. h4 Rf8 60. Kg4 Bf5+
61. Kf3 Be6 62. Rxg6 Kd5 63. h5 e4+ 64. Ke3 Ra8 65. h6 Ra3+ 66. Kf2 e3+ 67. Ke2
Bg4+ 68. Kf1 e2+ 69. Kf2 Ra1 0-1

[Event "DRUZYNOWE MISTRZOSTWA POLSKI JUNIOROW - II LIGA"]
[Site "Szczyrk, CKiR Orle Gniazdo ul. Wrzosowa 28a"]
[Date "2014-07-26"]
[Round "3.4"]
[White "Krol, Marcin"]
[Black "Lipiak, Mateusz"]
[Result "1/2-1/2"]
[WhiteTitle "II+"]
[BlackTitle "I"]
[WhiteElo "1595"]
[BlackElo "1541"]

1. d4 e6 2. c4 Nf6 3. Nf3 Bb4+ 4. Bd2 Bxd2+ 5. Nbxd2 d5 6. g3 O-O 7. Bg2 b6 8.
O-O Bb7 9. Qc2 Nbd7 10. Rac1 Rc8 11. Rfd1 Qe7 12. cxd5 Nxd5 13. Ne5 Nxe5 14. dxe5
Rfd8 15. Nc4 Ba8 16. a3 Qe8 17. b4 Ne7 18. Bxa8 Rxa8 19. e4 h6 20. f4 Nc6 21.
Qc3 Rxd1+ 22. Rxd1 Rd8 23. Rd3 Rxd3 24. Qxd3 Qd8 25. Qxd8+ Nxd8 26. Kf2 Kf8 27.
Ke3 Ke8 28. g4 g6 29. h4 Kd7 30. Kd3 Nc6 31. h5 gxh5 32. gxh5 Ne7 33. Ne3 Kc6
34. Kc4 a6 35. Ng4 Ng8 36. f5 exf5 37. exf5 Kd7 38. Kd5 c6+ 39. Ke4 Ke7 40. f6+
Ke6 41. Ne3 c5 42. bxc5 bxc5 43. Nc4 Nxf6+ 44. exf6 Kxf6 45. Kf4 Ke6 46. Nb6 Kd6
47. Kf5 Kc6 48. Nc4 Kd5 49. Nb2 c4 50. Nxc4 Kxc4 51. Kf6 Kb3 52. Kxf7 Kxa3 53.
Kg6 Kb2 54. Kxh6 a5 55. Kg6 a4 56. h6 a3 57. h7 a2 58. h8=Q+ Kb1 1/2-1/2

[Event "DRUZYNOWE MISTRZOSTWA POLSKI JUNIOROW - II LIGA"]
[Site "Szczyrk, CKiR Orle Gniazdo ul. Wrzosowa 28a"]
[Date "2014-07-26"]
[Round "3.5"]
[White "Olechnicka, Karolina"]
[Black "Momot, Weronika"]
[Result "1-0"]
[WhiteTitle "I++"]
[BlackTitle "I"]
[WhiteElo "1723"]
[BlackElo "1479"]

1. e4 e6 2. d4 d5 3. Nc3 Nf6 4. e5 Nfd7 5. Be3 c5 6. f4 Nc6 7. Nf3 a6 8. Qd2 b5
9. Be2 Qb6 10. O-O cxd4 11. Nxd4 Nxd4 12. Bxd4 Bc5 13. Rad1 Bb7 14. Bg4 Bxd4+
15. Qxd4 Qxd4+ 16. Rxd4 Rc8 17. f5 Ke7 18. Bh3 Rc4 19. Rd2 b4 20. Na4 Re4 21.
fxe6 fxe6 22. Rdf2 Rxe5 23. Rf7+ Kd6 24. Rxg7 Re2 25. Rf2 Re1+ 26. Rf1 Rxf1+ 27.
Kxf1 Rf8+ 28. Ke2 Bc6 29. b3 Nf6 30. Nb2 Ne4 31. Nd3 Nc3+ 32. Ke3 e5 33. Rxh7
d4+ 34. Kd2 Rf1 35. Rh6+ Kc7 36. Bg4 e4 37. Nxb4 Nb1+ 38. Ke2 Bb5+ 39. c4 dxc3+
40. Ke3 Nd2 41. Nd5+ Kb7 42. Nxc3 Nxb3 43. Nxb5 axb5 44. axb3 Rb1 45. Kxe4 Rxb3
46. h4 Kc7 47. h5 Kd8 48. Rb6 Ke8 49. h6 Kf8 50. h7 Kg7 51. Rb7+ Kh8 52. Bf5 Rb4+
53. Ke5 1-0

[Event "DRUZYNOWE MISTRZOSTWA POLSKI JUNIOROW - II LIGA"]
[Site "Szczyrk, CKiR Orle Gniazdo ul. Wrzosowa 28a"]
[Date "2014-07-26"]
[Round "3.6"]
[White "Waligora, Julia"]
[Black "Zalewska, Katarzyna"]
[Result "0-1"]
[WhiteTitle "II+"]
[BlackTitle "II+"]
[WhiteElo "1271"]
[BlackElo "1360"]

1. e4 e5 2. Nf3 Nc6 3. d4 exd4 4. Bc4 Bb4+ 5. c3 dxc3 6. bxc3 Be7 7. Qd5 Nh6 8.
Bxh6 O-O 9. Bg5 d6 10. Bxe7 Qxe7 11. O-O h6 12. Nbd2 Qf6 13. Rac1 Kh8 14. Rfe1
Qf4 15. Qh5 Ne7 16. Qh4 Qxh4 17. Nxh4 g5 18. Nhf3 f6 19. Nd4 Ng6 20. Ne6 Bxe6
21. Bxe6 Nf4 22. Bc4 Rae8 23. g3 Ng6 24. Nb3 Ne5 25. Be2 Nd7 26. Bh5 Re7 27. c4
b6 28. Nd4 Nc5 29. Nf5 Rxe4 30. Nxh6 f5 31. Nf7+ Kg7 32. Nxg5 Rxe1+ 33. Rxe1 Kh6
34. Ne6 Nxe6 35. Rxe6+ Kxh5 36. Re7 Rc8 37. Kg2 Kg6 38. Kf3 a6 39. Re6+ Kf7 40.
Re3 b5 41. cxb5 axb5 42. h4 c5 43. Ke2 Kf6 44. Kd2 d5 45. a3 d4 46. Rb3 Rb8 47.
f3 c4 48. Rb4 Kg6 49. a4 c3+ 50. Kc1 d3 51. Rxb5 Re8 52. Rb6+ Kh5 53. Kd1 c2+
54. Kd2 Rc8 55. g4+ fxg4 56. fxg4+ Kxh4 57. Rh6+ Kxg4 58. Rh1 Kf4 59. Rc1 Ke4
60. Re1+ Kd4 61. a5 Ra8 62. Ra1 Kc4 63. a6 Kb3 64. Kc1 d2+ 65. Kxd2 Kb2 66. Rf1
Rd8+ 67. Ke3 c1=Q+ 68. Rxc1 Kxc1 69. a7 Ra8 70. Kd4 Rxa7 71. Kc5 Rd7 72. Kc6 Rd3
73. Kc5 Kd2 74. Kc4 Ke3 75. Kc5 Rd1 76. Kc4 Rd8 0-1

[Event "DRUZYNOWE MISTRZOSTWA POLSKI JUNIOROW - II LIGA"]
[Site "Szczyrk, CKiR Orle Gniazdo ul. Wrzosowa 28a"]
[Date "2014-07-26"]
[Round "3.7"]
[White "Kroczka, Gromoslaw"]
[Black "Tomaszewski, Kacper"]
[Result "1/2-1/2"]
[WhiteTitle "I"]
[BlackTitle "I++"]
[WhiteElo "1788"]
[BlackElo "2012"]

1. e4 c6 2. d4 d5 3. exd5 cxd5 4. Bd3 Nc6 5. c3 Qc7 6. Nf3 Bg4 7. Nbd2 e6 8. O-O
Bd6 9. h3 Bh5 10. Re1 Nf6 11. Nf1 O-O 12. Bg5 Nd7 13. Bh4 Bg6 14. Bxg6 hxg6 15.
Bg3 b5 16. a3 Rab8 17. Bxd6 Qxd6 18. Ne3 a5 19. Qd2 Nf6 20. Qd3 Rfc8 21. Rec1
Qf4 22. Rc2 Ne4 23. Rac1 Nd6 24. Qd2 Qf6 25. Ng4 Qd8 26. Nge5 Ne7 27. Qd3 Rc7
28. Ng5 Nef5 29. f4 Qe8 30. g4 Nh6 31. Ngf3 Rbc8 32. Nd2 Nc4 33. Nb3 Qe7 34. Kg2
b4 35. axb4 axb4 36. Nc5 bxc3 37. bxc3 g5 38. Nxc4 dxc4 39. Qe3 gxf4 40. Qxf4
Qd8 41. Rb1 Qd5+ 42. Qf3 f5 43. Re2 fxg4 44. hxg4 Rf7 45. Qe4 Rf4 46. Qxd5 Rxg4+
47. Kh3 exd5 48. Rb6 Rf4 49. Rg2 Nf5 50. Rg5 Rh4+ 51. Kg2 Ne3+ 52. Kg3 Rh1 53.
Kf2 Rf8+ 54. Kxe3 Rh3+ 55. Ke2 Rh2+ 56. Ke3 1/2-1/2

[Event "DRUZYNOWE MISTRZOSTWA POLSKI JUNIOROW - II LIGA"]
[Site "Szczyrk, CKiR Orle Gniazdo ul. Wrzosowa 28a"]
[Date "2014-07-26"]
[Round "3.8"]
[White "Maj, Kornel"]
[Black "Wisniewski, Szymon"]
[Result "1/2-1/2"]
[WhiteTitle "II"]
[BlackTitle "I"]
[WhiteElo "1907"]
[BlackElo "1849"]

1. e4 c5 2. c3 d5 3. exd5 Qxd5 4. d4 Nc6 5. Nf3 e5 6. Nxe5 Nxe5 7. dxe5 Qxe5+ 8.
Qe2 Qxe2+ 9. Bxe2 Be6 10. Bb5+ Bd7 11. Bxd7+ Kxd7 12. O-O Bd6 13. Rd1 Kc6 14.
c4 Rd8 15. Nc3 Nf6 16. Bg5 Be5 17. Re1 Bxc3 18. bxc3 Rhe8 19. Kf1 Rxe1+ 20. Rxe1
Rd3 21. Bxf6 gxf6 22. Re3 Rd1+ 23. Ke2 Ra1 24. Rf3 Rxa2+ 25. Kd3 a5 26. Rxf6+
Kc7 27. Rxf7+ Kb6 28. Rf6+ Ka7 29. Rf5 a4 30. Ke3 a3 31. Rxc5 Ka6 32. Rc8 Ra1
33. Ra8+ Kb6 34. Ke2 a2 35. h4 Kc5 36. Rc8+ Kb6 37. Ra8 Kc5 38. Rc8+ Kb6 39. Ra8
Kc5 40. Rc8+ Kd6 41. Ra8 Kc6 42. Rc8+ Kd7 43. Ra8 Kc6 44. Rc8+ Kd7 45. Ra8 1/2-1/2

[Event "DRUZYNOWE MISTRZOSTWA POLSKI JUNIOROW - II LIGA"]
[Site "Szczyrk, CKiR Orle Gniazdo ul. Wrzosowa 28a"]
[Date "2014-07-26"]
[Round "3.9"]
[White "Kulpinski, Jakub"]
[Black "Bilczewski, Kacper"]
[Result "0-1"]
[WhiteTitle "III"]
[BlackTitle "I"]
[WhiteElo "1375"]
[BlackElo "1834"]

1. e4 e5 2. Nf3 Nc6 3. Bb5 Bc5 4. O-O Nf6 5. Re1 O-O 6. c3 d6 7. d4 exd4 8. cxd4
Bb4 9. Nc3 Bg4 10. Bxc6 bxc6 11. Bg5 Re8 12. Qd3 h6 13. Bh4 c5 14. dxc5 Bxc5 15.
Nd2 g5 16. Bg3 Nh5 17. Nb3 Bb6 18. Nd5 Nxg3 19. Qxg3 Be6 20. Nxb6 axb6 21. a3
Qf6 22. Rab1 Ra4 23. Nd2 Ba2 24. b3 Bxb1 25. bxa4 Bc2 26. h3 Bxa4 27. Qd3 Qe7
28. Qc4 Qd7 29. f3 Re5 30. Nb3 Qb5 31. Qxb5 Rxb5 32. Nd4 Rc5 33. Kf2 Rc3 34. Re3
Rxe3 35. Kxe3 Kg7 36. Nf5+ Kh7 37. Kd4 Bb3 0-1

[Event "DRUZYNOWE MISTRZOSTWA POLSKI JUNIOROW - II LIGA"]
[Site "Szczyrk, CKiR Orle Gniazdo ul. Wrzosowa 28a"]
[Date "2014-07-26"]
[Round "3.11"]
[White "Skoczek, Karolina"]
[Black "Bilczewska, Olga"]
[Result "1-0"]
[WhiteTitle "II+"]
[BlackTitle "II"]
[WhiteElo "1516"]
[BlackElo "1268"]

1. e4 e5 2. Nf3 Nc6 3. d4 exd4 4. c3 d5 5. exd5 Qxd5 6. cxd4 Bg4 7. Be2 O-O-O 8.
Nc3 Bb4 9. Be3 Qh5 10. Qb3 Bd6 11. Ne4 Bb4+ 12. Nc3 Nf6 13. Ng1 Rhf8 14. Rd1 Bd6
15. h3 Bxe2 16. Ngxe2 Qh4 17. O-O g5 18. f3 Nd7 19. Bf2 Qh6 20. Ne4 Be7 21. Qb5
f5 22. N4g3 Qg6 23. a4 g4 24. d5 a6 25. Qb3 Ncb8 26. Nf4 Qg8 27. Ne6 gxh3 28.
Nxd8 Bxd8 29. f4 hxg2 30. Rfe1 Qg4 31. Kxg2 h5 32. Qf3 Qg6 33. Qxh5 Qg7 34. Bd4
Qg8 35. Re6 c6 36. Qg6 Qxg6 37. Rxg6 cxd5 38. Bc3 Nb6 39. a5 Nc4 40. Re6 Kd7 41.
Rde1 Rg8 42. Kh3 Nxa5 43. Bxa5 Bxa5 44. Re7+ Kc6 45. R1e6+ Kc5 46. Rxb7 Rh8+ 47.
Kg2 Nc6 48. Re2 Rh4 49. Rc2+ Kd6 50. Nxf5+ Ke6 51. Nxh4 Nd4 52. Rc8 1-0

[Event "DRUZYNOWE MISTRZOSTWA POLSKI JUNIOROW - II LIGA"]
[Site "Szczyrk, CKiR Orle Gniazdo ul. Wrzosowa 28a"]
[Date "2014-07-26"]
[Round "3.12"]
[White "Stebel, Agata"]
[Black "Humin, Julia"]
[Result "0-1"]
[WhiteTitle "I"]
[BlackTitle "I"]
[WhiteElo "1616"]
[BlackElo "1457"]

1. e4 c5 2. c3 d5 3. exd5 Qxd5 4. d4 Nc6 5. Nf3 e5 6. Nxe5 Nxe5 7. dxe5 Qxe5+ 8.
Be3 Bd7 9. Qf3 Bc6 10. Qg3 Qxg3 11. hxg3 Nf6 12. f3 Bd6 13. Bf2 O-O-O 14. Nd2
Rhe8+ 15. Kd1 Re7 16. Kc2 Rde8 17. Nc4 Bb8 18. Bxc5 Re6 19. Bd3 g6 20. Bd4 h5
21. b4 b6 22. Bf2 Re2+ 23. Bxe2 Rxe2+ 24. Kd3 Rxf2 25. Ne3 Bxg3 26. Rhg1 Bf4 27.
c4 Nd7 28. Rae1 Rxa2 29. Nc2 Ne5+ 30. Kc3 Ba4 31. Re2 Bxc2 32. Rxc2 Ra3+ 33. Kb2
Re3 34. Ka2 Nd3 35. Rb1 Bd6 36. c5 bxc5 37. bxc5 Nxc5 38. Rb5 Kd7 39. Rd2 Kc6
40. Rb1 Na4 41. Rc1+ Rc3 42. Rcd1 Ra3+ 43. Kb1 Nc3+ 0-1

[Event "DRUZYNOWE MISTRZOSTWA POLSKI JUNIOROW - II LIGA"]
[Site "Szczyrk, CKiR Orle Gniazdo ul. Wrzosowa 28a"]
[Date "2014-07-26"]
[Round "3.13"]
[White "Tomczak, Mikolaj"]
[Black "Madej, Roman"]
[Result "0-1"]
[WhiteTitle "k"]
[BlackTitle "I"]
[WhiteElo "2158"]
[BlackElo "1756"]

1. d4 Nf6 2. c4 g6 3. Nc3 d5 4. cxd5 Nxd5 5. e4 Nxc3 6. bxc3 Bg7 7. Bc4 O-O 8.
Ne2 c5 9. O-O Nc6 10. Be3 Qc7 11. Qc1 a6 12. f4 b5 13. Bd3 Rd8 14. e5 Bb7 15.
Bb1 Rac8 16. dxc5 Na5 17. Ng3 Nc4 18. Bd4 e6 19. Be4 Bf8 20. Bxb7 Qxb7 21. Qe1
Bxc5 22. Bxc5 Rxc5 23. Ne4 Rcc8 24. Nf6+ Kg7 25. Qh4 h6 26. Rf3 Rd2 27. Ng4 h5
28. Qf6+ Kh7 29. Nf2 Rcd8 30. h4 Qa7 31. Kh1 Ne3 32. Re1 Ng4 33. Nxg4 hxg4 34.
Rff1 R8d3 35. Re4 Rh3+ 36. gxh3 g3 37. Qg5 Rh2# 0-1

[Event "DRUZYNOWE MISTRZOSTWA POLSKI JUNIOROW - II LIGA"]
[Site "Szczyrk, CKiR Orle Gniazdo ul. Wrzosowa 28a"]
[Date "2014-07-26"]
[Round "3.14"]
[White "Golenia, Jan"]
[Black "Pilzak, Marcin"]
[Result "0-1"]
[WhiteTitle "II+"]
[BlackTitle "I++"]
[WhiteElo "1624"]
[BlackElo "1974"]

1. d4 Nf6 2. Nf3 c5 3. g3 cxd4 4. Nxd4 d5 5. Bg2 e5 6. Nb3 h6 7. N1d2 Be7 8. Nf3
Nc6 9. c3 Be6 10. O-O O-O 11. Be3 b6 12. Rc1 Ng4 13. Bd2 f5 14. e3 Rc8 15. h3
Nf6 16. Re1 Ne4 17. Qe2 Qd7 18. Kh2 Qb7 19. Ng1 a5 20. f4 a4 21. Na1 Na5 22. Nf3
exf4 23. exf4 Bf6 24. Be3 a3 25. Bd4 axb2 26. Qxb2 Nc4 27. Qc2 g5 28. fxg5 hxg5
29. Bxf6 Rxf6 30. Nd4 Qc7 31. Bxe4 fxe4 32. Qe2 Rcf8 33. Rf1 Bc8 34. Rxf6 Rxf6
35. Kg2 Qf7 36. g4 Ne5 37. Rf1 Nd3 38. Qe3 Nf4+ 39. Kg3 Qh7 40. Rh1 Qh4+ 41. Kh2
Nxh3 42. Qxh3 Qf2+ 43. Qg2 Rh6# 0-1

[Event "DRUZYNOWE MISTRZOSTWA POLSKI JUNIOROW - II LIGA"]
[Site "Szczyrk, CKiR Orle Gniazdo ul. Wrzosowa 28a"]
[Date "2014-07-26"]
[Round "3.15"]
[White "Nowak, Mikolaj"]
[Black "Golenia, Wojciech"]
[Result "1-0"]
[WhiteTitle "I"]
[BlackTitle "II+"]
[WhiteElo "1717"]
[BlackElo "1700"]

1. e4 e6 2. d4 d5 3. exd5 exd5 4. Bd3 Nf6 5. Nf3 Bg4 6. O-O Be7 7. Bg5 O-O 8. Nbd2
Nc6 9. c3 Ne4 10. Bxe7 Qxe7 11. Re1 f5 12. Qb3 Qd6 13. Nxe4 fxe4 14. Bxe4 Rad8
15. h3 Bh5 16. Ng5 Qf6 17. Bxd5+ Kh8 18. Ne4 Qg6 19. Bxc6 Bf3 20. Ng3 Bxc6 21.
Rad1 h5 22. Re5 1-0

[Event "DRUZYNOWE MISTRZOSTWA POLSKI JUNIOROW - II LIGA"]
[Site "Szczyrk, CKiR Orle Gniazdo ul. Wrzosowa 28a"]
[Date "2014-07-26"]
[Round "3.16"]
[White "Gawor, Jan Pawel"]
[Black "Dembinski, Bartosz"]
[Result "1-0"]
[WhiteTitle "II"]
[BlackTitle "II"]
[WhiteElo "1551"]
[BlackElo "1261"]

1. e4 e5 2. Nf3 Nc6 3. Bb5 Bc5 4. O-O Nd4 5. Nxd4 Bxd4 6. c3 Bb6 7. d4 c6 8. Ba4
d6 9. Re1 Nf6 10. Bg5 O-O 11. Bb3 Be6 12. dxe5 dxe5 13. Qf3 Bxb3 14. axb3 h6 15.
Bxf6 Qxf6 16. Qxf6 gxf6 17. Nd2 a6 18. Nc4 Bc7 19. Ne3 Kh7 20. Nf5 Rad8 21. Rad1
Rxd1 22. Rxd1 Rd8 23. Rxd8 Bxd8 24. Nd6 b5 25. b4 Be7 26. Nc8 Bf8 27. Nb6 c5 28.
Nd7 Be7 29. bxc5 Kg6 30. b4 Kg5 31. c6 Bd8 32. Nc5 a5 33. bxa5 Bxa5 34. Na6 Kf4
35. c7 Bxc7 36. Nxc7 Kxe4 37. Nxb5 Kd5 38. Na3 f5 39. c4+ Kc5 40. Kf1 e4 41. g3
1-0

[Event "DRUZYNOWE MISTRZOSTWA POLSKI JUNIOROW - II LIGA"]
[Site "Szczyrk, CKiR Orle Gniazdo ul. Wrzosowa 28a"]
[Date "2014-07-26"]
[Round "3.17"]
[White "Glapa, Anna"]
[Black "Tracz, Marcelina"]
[Result "1/2-1/2"]
[WhiteTitle "I++"]
[BlackTitle "I++"]
[WhiteElo "1680"]
[BlackElo "1760"]

1. e4 e5 2. Nf3 Nc6 3. Nc3 Nf6 4. Bb5 d6 5. d4 exd4 6. Nxd4 Bd7 7. Bxc6 bxc6 8.
Qf3 c5 9. Nf5 Bxf5 10. exf5 Rb8 11. b3 Be7 12. g4 Nd7 13. Bf4 Bf6 14. O-O-O Bxc3
15. Qxc3 Qf6 16. Rhe1+ Kd8 17. Qxf6+ gxf6 18. Re3 Rg8 19. Rde1 Ne5 20. h3 Kd7
21. Bg3 Rbe8 22. Bh4 Nf3 23. Rxe8 Rxe8 24. Rxe8 Kxe8 25. Bxf6 d5 26. Kd1 Kd7 27.
h4 Nh2 28. g5 Ng4 29. Bg7 Nxf2+ 30. Ke2 Ne4 31. Kd3 Ng3 32. f6 a6 33. Kc3 Ne4+
34. Kb2 Kc6 35. Bh6 Ng3 36. Bf8 Ne4 37. Be7 d4 38. Bd8 Kd7 39. Be7 Kc6 40. Kc1
Kd5 41. Bd8 c6 42. Bc7 Ke6 1/2-1/2

[Event "DRUZYNOWE MISTRZOSTWA POLSKI JUNIOROW - II LIGA"]
[Site "Szczyrk, CKiR Orle Gniazdo ul. Wrzosowa 28a"]
[Date "2014-07-26"]
[Round "3.18"]
[White "Debowska, Michalina"]
[Black "Tomczak, Marta"]
[Result "1-0"]
[WhiteTitle "II"]
[BlackTitle "II"]
[WhiteElo "1453"]
[BlackElo "1293"]

1. e4 c5 2. Nf3 Nc6 3. d4 cxd4 4. Nxd4 Nf6 5. Nc3 d6 6. Be3 e5 7. Nb3 Be6 8. Be2
Be7 9. O-O O-O 10. f3 a5 11. Nd2 d5 12. exd5 Nxd5 13. Nxd5 Bxd5 14. Nc4 Be6 15.
Bb6 Qxd1 16. Rfxd1 Rfc8 17. c3 Bd8 18. Bxd8 Rxd8 19. b3 b5 20. Nb6 Rxd1+ 21. Rxd1
Rb8 22. Bxb5 Nd4 23. cxd4 g6 24. dxe5 Rxb6 25. Bd7 Kg7 26. Bxe6 Rxe6 27. Rd5 Ra6
28. Kf2 Kf8 29. Ke3 a4 30. b4 Rb6 31. a3 Ra6 32. Kd4 Ke7 33. Kc5 Ke6 34. Rd6+
Rxd6 35. exd6 Kd7 36. b5 Kc8 37. Kc6 Kd8 38. b6 Kc8 39. b7+ Kb8 40. d7 Ka7 41.
d8=Q Ka6 42. Qa8# 1-0

[Event "DRUZYNOWE MISTRZOSTWA POLSKI JUNIOROW - II LIGA"]
[Site "Szczyrk, CKiR Orle Gniazdo ul. Wrzosowa 28a"]
[Date "2014-07-26"]
[Round "3.19"]
[White "Kyc, Jerzy"]
[Black "Janulek, Dawid"]
[Result "0-1"]
[WhiteTitle "I++"]
[BlackTitle "I"]
[WhiteElo "2096"]
[BlackElo "1878"]

1. e4 c5 2. Nf3 d6 3. d4 cxd4 4. Nxd4 Nf6 5. Nc3 a6 6. Bg5 e6 7. f4 Qb6 8. Qd3
Nc6 9. O-O-O Qxd4 10. Qxd4 Nxd4 11. Rxd4 Be7 12. Bc4 Bd7 13. Bb3 h6 14. Bh4 g5
15. fxg5 Ng4 16. Bg3 hxg5 17. Bxd6 Bxd6 18. Rxd6 Rxh2 19. Rxh2 Nxh2 20. Rd3 g4
21. e5 Bc6 22. Rg3 Rd8 23. Bc4 Rd4 24. Be2 Rf4 25. Bd3 Ke7 26. Kd1 Rf2 27. Ne4
Rf5 28. Nd2 Rxe5 29. Nc4 Rg5 30. Ke1 f5 31. Bf1 f4 32. Rc3 g3 33. b4 b5 34. Na5
Bd5 35. Rc7+ Kd6 36. Rc5 Re5+ 37. Be2 f3 38. gxf3 g2 39. Kf2 Rxe2+ 40. Kxe2 g1=Q
0-1

[Event "DRUZYNOWE MISTRZOSTWA POLSKI JUNIOROW - II LIGA"]
[Site "Szczyrk, CKiR Orle Gniazdo ul. Wrzosowa 28a"]
[Date "2014-07-26"]
[Round "3.20"]
[White "Piela, Dominik"]
[Black "Krzeminski, Sebastian"]
[Result "1/2-1/2"]
[WhiteTitle "II+"]
[BlackTitle "II+"]
[WhiteElo "1565"]
[BlackElo "1704"]

1. d4 d5 2. c4 c6 3. Nf3 Nf6 4. g3 dxc4 5. Bg2 e6 6. O-O Be7 7. Ne5 Nbd7 8. Nxc4
O-O 9. a3 Re8 10. Nc3 Nd5 11. Qc2 b5 12. Nd2 Bb7 13. e4 Nxc3 14. bxc3 c5 15. a4
a6 16. axb5 axb5 17. Ba3 Qc7 18. dxc5 Bxc5 19. Bxc5 Nxc5 20. Nb3 Rec8 21. Nd4
Ra5 22. Rab1 Qb6 23. Rfc1 e5 24. Nf5 Qc7 25. Rd1 Ne6 26. Qb3 g6 27. Nd6 Nc5 28.
Qb4 Na6 29. Qb3 Nc5 30. Qb4 Na6 31. Qb3 Nc5 32. Qb2 Na4 33. Qb4 Nxc3 34. Nxc8
Bxc8 35. Rd8+ Qxd8 36. Qxc3 b4 37. Qxb4 Be6 38. h4 Qc7 39. Qb2 Ra2 40. Qb8+ Qxb8
41. Rxb8+ Kg7 42. Rb1 h5 1/2-1/2

[Event "DRUZYNOWE MISTRZOSTWA POLSKI JUNIOROW - II LIGA"]
[Site "Szczyrk, CKiR Orle Gniazdo ul. Wrzosowa 28a"]
[Date "2014-07-26"]
[Round "3.21"]
[White "Urbanski, Wojciech"]
[Black "Klepek, Witold"]
[Result "0-1"]
[WhiteTitle "II"]
[BlackTitle "I"]
[WhiteElo "1512"]
[BlackElo "1892"]

1. e4 c5 2. Nf3 e6 3. b3 Nc6 4. Bb5 Nge7 5. O-O d6 6. Bxc6+ Nxc6 7. a4 g6 8. Bb2
e5 9. d3 Be6 10. Na3 Bg7 11. Nc4 O-O 12. Nfd2 f5 13. exf5 gxf5 14. f4 Qc7 15.
fxe5 dxe5 16. Nf3 Rae8 17. Qe1 Bd5 18. Nh4 Nd4 19. Bxd4 exd4 20. Qd2 f4 21. Nf3
a6 22. Rae1 b5 23. Rxe8 Rxe8 24. axb5 axb5 25. Nb2 Re3 26. Nd1 Re6 27. Nh4 Rf6
28. Qe2 Qd7 29. Qe5 f3 30. Qg3 Qe7 31. Nxf3 Qe2 32. Qf2 Qe6 33. Qe1 Qg4 34. h3
Qh5 35. Nd2 Re6 36. Qg3 Bxg2 37. Re1 Rxe1+ 38. Qxe1 Bxh3 39. Nf2 Qg5+ 0-1

[Event "DRUZYNOWE MISTRZOSTWA POLSKI JUNIOROW - II LIGA"]
[Site "Szczyrk, CKiR Orle Gniazdo ul. Wrzosowa 28a"]
[Date "2014-07-26"]
[Round "3.22"]
[White "Kowalczyk, Fryderyk"]
[Black "Wilk, Radoslaw"]
[Result "0-1"]
[WhiteTitle "III"]
[BlackTitle "II"]
[WhiteElo "1254"]
[BlackElo "1430"]

1. e4 c5 2. Nf3 d6 3. c4 Nf6 4. Nc3 e6 5. d3 Nc6 6. Be3 Be7 7. h3 b6 8. Be2 Bb7
9. Bg5 Qc7 10. Nd2 Nd4 11. Bf3 d5 12. cxd5 exd5 13. Bxf6 Bxf6 14. O-O Nxf3+ 15.
Qxf3 O-O-O 16. exd5 Qd7 17. Nde4 Bd4 18. Rab1 Bxd5 19. Rfd1 Bxc3 20. bxc3 f5 21.
c4 Bc6 0-1

[Event "DRUZYNOWE MISTRZOSTWA POLSKI JUNIOROW - II LIGA"]
[Site "Szczyrk, CKiR Orle Gniazdo ul. Wrzosowa 28a"]
[Date "2014-07-26"]
[Round "3.23"]
[White "Gaudyn, Renata"]
[Black "Kaszok, Weronika"]
[Result "1-0"]
[WhiteTitle "I"]
[BlackTitle "II"]
[WhiteElo "1597"]
[BlackElo "1365"]

1. e4 d5 2. exd5 Qxd5 3. Nc3 Qa5 4. d4 Nf6 5. Bd2 c6 6. Bc4 Bf5 7. Nf3 e6 8. O-O
Nbd7 9. Re1 Be7 10. a3 Qc7 11. b4 Nb6 12. Bb3 Nbd5 13. Nxd5 cxd5 14. Ba4+ Kf8
15. Ne5 a6 16. Bf4 Bd6 17. h3 b5 18. Bb3 Rc8 19. Qe2 Ne4 20. Qf3 Ke7 21. Nd3 Bxf4
22. Qxf4 Qxf4 23. Nxf4 Kd6 24. Nd3 Rc7 25. a4 Ra8 26. axb5 Rca7 27. bxa6 Rxa6
28. Rxa6+ Rxa6 29. Ne5 f6 30. Nd3 Nd2 31. Nc5 Rb6 32. c3 Ne4 33. Nxe4+ Bxe4 34.
f3 Bd3 35. Ba4 Ra6 36. Re3 Bc4 37. Bc2 h6 38. Bd3 Bxd3 39. Rxd3 e5 40. dxe5+ fxe5
41. c4 Ra1+ 42. Kh2 Rb1 43. Rxd5+ Ke6 44. b5 Rb4 45. Rc5 Kd6 46. Rc6+ Kd7 47.
Kg3 Rb2 48. Rg6 Rc2 49. Rxg7+ Kd8 50. b6 1-0

[Event "DRUZYNOWE MISTRZOSTWA POLSKI JUNIOROW - II LIGA"]
[Site "Szczyrk, CKiR Orle Gniazdo ul. Wrzosowa 28a"]
[Date "2014-07-26"]
[Round "3.24"]
[White "Orlik, Sandra"]
[Black "Waszczuk, Patrycja"]
[Result "0-1"]
[WhiteTitle "II"]
[BlackTitle "I"]
[WhiteElo "1288"]
[BlackElo "1519"]

1. e4 c5 2. Nf3 e6 3. d4 cxd4 4. Nxd4 a6 5. Nc3 b5 6. Bd3 Bb7 7. O-O Qc7 8. Be3
Nf6 9. f3 Be7 10. Qe2 O-O 11. Kh1 d6 12. Bf2 Nbd7 13. Bg3 Rac8 14. Nb3 Rfd8 15.
f4 Nc5 16. Nd2 Nxd3 17. cxd3 b4 18. Nd1 Qc2 19. b3 d5 20. Ne3 Qc3 21. Rfc1 Qxc1+
22. Rxc1 Rxc1+ 23. Be1 dxe4 24. dxe4 Nxe4 25. Nxe4 Bxe4 26. Kg1 Bc5 27. h3 Rdd1
28. Kh2 Rxe1 29. Qd2 h6 30. Qd8+ Kh7 31. Ng4 Rc2 32. Kg3 Rxg2+ 33. Kh4 Bf2+ 34.
Nxf2 g5+ 35. fxg5 hxg5+ 36. Kh5 Bg6# 0-1

[Event "DRUZYNOWE MISTRZOSTWA POLSKI JUNIOROW - II LIGA"]
[Site "Szczyrk, CKiR Orle Gniazdo ul. Wrzosowa 28a"]
[Date "2014-07-26"]
[Round "3.25"]
[White "Ziabek, Patryk"]
[Black "Knapik, Andrzej"]
[Result "0-1"]
[WhiteTitle "I"]
[BlackTitle "I"]
[WhiteElo "1896"]
[BlackElo "1922"]

1. e4 e6 2. d4 d5 3. Nd2 Be7 4. Bd3 c5 5. dxc5 Nf6 6. exd5 Qxd5 7. Ngf3 Qxc5 8.
O-O Nbd7 9. Nb3 Qc7 10. Bg5 b6 11. Qe2 Bb7 12. Nbd4 Nc5 13. Bb5+ Kf8 14. Ne5 Bd6
15. Ndf3 a6 16. Bc4 b5 17. Bb3 Nfe4 18. Nd3 Nxg5 19. Nxg5 Bxh2+ 20. Kh1 Nxb3 21.
cxb3 Bd6 22. Rac1 Qe7 23. Qg4 h5 24. Qh4 f6 25. Nh3 g5 26. Qd4 e5 27. Qe3 g4 28.
Ng1 h4 29. Nc5 h3 30. Nxb7 Qxb7 31. f3 hxg2+ 32. Kxg2 Qg7 33. Qe4 gxf3+ 34. Kxf3
Rd8 35. Rfd1 Rh2 36. Rc2 Rxc2 37. Qxc2 Qb7+ 38. Qe4 Qxe4+ 39. Kxe4 Ke7 40. Rc1
Ke6 41. Rc6 f5+ 42. Kf3 Ra8 43. Ne2 Kd5 44. Rc2 e4+ 45. Ke3 Rg8 46. Rd2+ Ke5 47.
Rc2 f4+ 48. Kf2 f3 49. Ng1 Rg2+ 0-1

[Event "DRUZYNOWE MISTRZOSTWA POLSKI JUNIOROW - II LIGA"]
[Site "Szczyrk, CKiR Orle Gniazdo ul. Wrzosowa 28a"]
[Date "2014-07-26"]
[Round "3.26"]
[White "Adamczyk, Pawel"]
[Black "Bazant, Tomasz"]
[Result "0-1"]
[WhiteTitle "II+"]
[BlackTitle "II"]
[WhiteElo "1746"]
[BlackElo "1545"]

1. e4 e5 2. Nf3 Nc6 3. Bc4 Bc5 4. O-O Nf6 5. d4 Bxd4 6. Nxd4 Nxd4 7. f4 Nc6 8.
Bxf7+ Kxf7 9. fxe5 Nxe5 10. Qd5+ Kf8 11. Qxe5 d6 12. Qd4 Kf7 13. Bg5 Be6 14. Nc3
Rf8 15. Bxf6 gxf6 16. Rf4 c6 17. Kh1 Kg7 18. Ne2 Qe7 19. Raf1 Rf7 20. Ng3 c5 21.
Qf2 Raf8 22. Nh5+ Kh8 23. g4 d5 24. Qh4 dxe4 25. Rxf6 Rxf6 26. Nxf6 e3 27. g5
Bd5+ 28. Nxd5 Rxf1+ 29. Kg2 Qf7 30. Nf6 e2 0-1